000 00884nam a2200205Ia 4500
008 0000001993 usa 0000000000eng00
090 _aPSP00 A77a2
100 1 _aArranzBravo, Eduardo
_d1941
245 1 0 _aArranzBravo
_b: years in New York
_c/ photos Ferran Freixa, Eric Berenguer, Jaume Pahissa
300 _a[38] p.
_c/ 29 cm.
500 _aExposición realizada en Ergane Gallery, New York, Diciembre, 1993 \ Con el patronazgo del maestro venezolano Jesús Rafael Soto (q.e.p.d.) \ Registro auspiciado por el IDCT. Bogotá
600 0 0 _aARRANZBRAVO, EDUARDO, 1941/
_xTRABAJOS PICTORICOS
650 1 4 _aARTE CONTEMPORANEO ESPAÑOL
650 1 4 _xCATALOGOS
650 1 4 _xEXPOSICIONES
650 1 4 _aPINTORES ESPAÑOLES
650 1 4 _aPINTURA ESPAÑOLA
700 1 _aFreiXa, Ferran \ Berenguer, Eric \ Pahissa, Jaume
999 _c3721
_d3721
260 _aNew York : Ergane Gallery
_c1993